|
|
|
|
| LEADER |
00000nam a2200000 i 4500 |
| 001 |
1/60021 |
| 008 |
020403s1989 eng d |
| 020 |
|
|
|a 0-471-85978-8
|
| 035 |
|
|
|l 10000599
|
| 040 |
|
|
|a GR-MY-UA
|b gre
|e aacr
|
| 041 |
0 |
|
|a eng
|
| 082 |
0 |
|
|a 621.38
|
| 100 |
1 |
|
|a Haykin, Simon S.
|d 1931-
|
| 245 |
1 |
3 |
|a An introduction to analog and digital communications /
|c Simon Haykin
|
| 260 |
|
|
|a New York :
|b Wiley,
|c c1989
|
| 300 |
|
|
|a xvi, 652 p.;
|b ill.;
|c 26 cm.
|
| 504 |
|
|
|a Includes bibliographical references and index
|
| 650 |
0 |
0 |
|a Telecommunication systems.
|
| 852 |
|
|
|a INST
|b SAMOS
|e 20020403
|h 621.38 HAY
|p 005300020196
|q 005300020196
|t BK
|y 0
|
| 901 |
|
|
|a BIBL3-2002-1
|
| 909 |
|
|
|a Σ
|b 087420
|
| 922 |
|
|
|a 3ΕΛΗ
|b 200002
|c ΤΠΕΣ/ΠΟΛ
|d LEADER
|
| 970 |
|
|
|a ΜΑΛΑΓΑΡΗ
|b ΦΩΤΕΙΝΗ
|z 2002/04/03
|